000 01930nam a2200277Ia 4500
001 K0401
003 IT-RoPAU
008 130308s9999 xx 000 0 und d
040 _aIT-RoPAU
040 _cIT-RoPAU
041 _aITALIANO
100 _aGangemi Francesco
100 _gCodice Aut. SPICS: 60156
245 _aChiesa di S. Paolo alla Rotonda in Reggio Calabria (La)
245 _bChiesa di S. Paolo Alla rotonda in Reggio Calabria (La)
250 _a1a ed.
260 _bs.e. (senza Editrice o non identificata)
260 _c1987 [1° Ed.:1987 - Ed.Ling.Originale:1987]
300 _a"158 p. (prefazione: no ; testo: 158 [pagine: 0-0])"
500 _a"Arte nella Casa di Dio. Rapporti tra Arte e Fede. Perche' delle Illustrazioni. cenni Storici. Facciata: Pensatori Socrate, Platone, Aristotele, Cicerone, Virgilio, Seneca; Conquistatori Alessandro, Cesare. interno Mosaici: Catino e Pareti Abside; Lesene e Architravi; Cappella a Destra e Sinistra; Pareti sopra Archi; pitture : Annunciazione, Natività, Marie al Sepolcro, Lunettode a Sinistra. sculture Balaustra: Angelo della Fiamma, del Mistero, della Meditazione, dell'Annunzio, sacrificio di Melchisedech, pane di Elia; Moltiplicazione dei Pani; Candelabri di S. Paolo; S. Paolo Tesse Ordito della Fede; S. Paolo Diffonde Vangelo nel Mondo; S. Paolo Plasmatore di Anime; incontro di S. Paolo e Seneca; Crocifisso; Pianto delle Marie; Deposizione. via Crucis del Cristo e via Crucis dell'Uomo: mistero della croce ; radici della croce ; Bronzi della via Crucis. Quattro Stagioni: Primavera, Estate, Autunno, Inverno. Cammino della croce , 14 Stazioni. monumento a S. Paolo. "
650 _aSAGGI SULLE ARTI VISIVE
650 _eCodice materia Spics: 5011
942 _cBK
957 _71
999 _c77058
_d77058
999 _g1